|
|
|
|
| LEADER |
00000nam0a2200000 4500 |
| 001 |
11898 |
| 005 |
20231101204810.0 |
| 035 |
|
|
|a (RuTPU)RU\TPU\book\11972
|
| 035 |
|
|
|a BOOK00012038
|
| 090 |
|
|
|a 11898
|
| 100 |
|
|
|a 20011209d1999 km y0rusy50 ca
|
| 101 |
0 |
|
|a rus
|
| 102 |
|
|
|a RU
|
| 105 |
|
|
|a y g 000zy
|
| 200 |
1 |
|
|a Справочные данные по свойствам простых веществ и их соединений
|e Методическое пособие по общей химии
|
| 210 |
|
|
|a Пермь
|c Изд-во Пермского ГТУ
|d 1999
|
| 215 |
|
|
|a 46 с.
|
| 606 |
1 |
|
|a Физическая химия
|2 stltpush
|3 (RuTPU)RU\TPU\subj\67669
|9 83390
|
| 610 |
1 |
|
|a химия
|
| 610 |
1 |
|
|a химические соединения
|
| 610 |
1 |
|
|a свойства
|
| 610 |
1 |
|
|a справочники
|
| 610 |
1 |
|
|a методические пособия
|
| 675 |
|
|
|a 544(076.5)
|v 3
|
| 801 |
|
0 |
|a RU
|b 63413507
|c 20011209
|g PSBO
|
| 801 |
|
2 |
|a RU
|b 63413507
|c 20130515
|g PSBO
|
| 942 |
|
|
|c BK
|